| 000 | 00684nam a2200229Ia 4500 | ||
|---|---|---|---|
| 003 | OSt | ||
| 005 | 20220928113216.0 | ||
| 006 | a|||||r|||| 00| 0 | ||
| 007 | ta | ||
| 008 | 220927b |||||||| |||| 00| 0 eng d | ||
| 024 | _a65433 | ||
| 037 | _cTextual | ||
| 040 |
_aSDCL _cSDCL _beng |
||
| 041 |
_2eng _aeng |
||
| 082 | _aV2.6YH:71'P, P3 | ||
| 100 |
_aSingh Rewant Vikram _9431981 |
||
| 245 | 0 |
_aSettlements in the Yamuna-Hindon Doab _bAn archaeological perspective |
|
| 260 |
_aDelhi _bB R Publishing Corporation _c2003 |
||
| 300 |
_avi,153p.Bib p.135-138 _ccm. |
||
| 942 |
_hV2.6YH:71'P, P3 _cTEXL _2CC |
||
| 999 |
_c748555 _d748555 |
||